Electrical fundamentals / (Record no. 180265)
[ view plain ]
| 000 -LEADER | |
|---|---|
| fixed length control field | 01478 a2200193 4500 |
| 003 - CONTROL NUMBER IDENTIFIER | |
| control field | Nust |
| 005 - DATE AND TIME OF LATEST TRANSACTION | |
| control field | 20221024094650.0 |
| 010 ## - LIBRARY OF CONGRESS CONTROL NUMBER | |
| LC control number | 79083285 |
| 020 ## - INTERNATIONAL STANDARD BOOK NUMBER | |
| International Standard Book Number | 0132471973 |
| 040 ## - CATALOGING SOURCE | |
| Transcribing agency | Nust |
| 082 00 - DEWEY DECIMAL CLASSIFICATION NUMBER | |
| Classification number | 621.3,DEF |
| 100 1# - MAIN ENTRY--PERSONAL NAME | |
| Personal name | De France, J. J. |
| 9 (RLIN) | 101175 |
| 245 10 - TITLE STATEMENT | |
| Title | Electrical fundamentals / |
| Statement of responsibility, etc. | J. J. DeFrance. |
| 260 ## - PUBLICATION, DISTRIBUTION, ETC. | |
| Place of publication, distribution, etc. | Englewood Cliffs, N.J., |
| Name of publisher, distributor, etc. | Prentice-Hall |
| Date of publication, distribution, etc. | [1969] |
| 300 ## - PHYSICAL DESCRIPTION | |
| Extent | xviii, 702 p. |
| Other physical details | illus. |
| Dimensions | 24 cm. |
| 505 ## - FORMATTED CONTENTS NOTE | |
| Formatted contents note | Electron Theory (Page-3), Conductance , Resistance and Insulation (Page-14), Calculation of Conductance and Resistance (Page-23), Electrical Units and Their Reaction (Page-31), Electrical Power and Energy (Page-43), Commercial Resistors (Page-60), Series Circuits (Page-80), Parallel Circuits (Page-90), Series – Parallel Circuits (Page-99), Voltage Dividers (Page-112), Primary Cells (Page-120), Secondary Cells (Page-141), Permanent Magnetism (Page-162), Electromagnetism (Page-172), Magnetic- Circuit Calculations (Page-183), Direct – Current Measuring Instrument (Page-202), Method of Measuring Resistance (Page-223), Induced Voltage (Page-238), Self-Inductance and Mutual Inductance (Page-247), Dielectric Circuits and capacitance (Page-274), Direct – Current Generators (Page-306), Direct – Current Motors (Page-318), Kirchhoff’s Laws (Page-327), Network Theory (Page-338), Introduction to Alternating Currents (Page-361), Part.2= Alternating Current (Page-361-638). |
| 650 #0 - SUBJECT ADDED ENTRY--TOPICAL TERM | |
| Topical term or geographic name entry element | Electrical engineering. |
| 942 ## - ADDED ENTRY ELEMENTS (KOHA) | |
| Source of classification or shelving scheme | |
| Koha item type | Book |
| Withdrawn status | Lost status | Source of classification or shelving scheme | Damaged status | Not for loan | Permanent Location | Current Location | Shelving location | Date acquired | Full call number | Barcode | Date last seen | Price effective from | Koha item type | Public note |
|---|---|---|---|---|---|---|---|---|---|---|---|---|---|---|
| Military College of Signals (MCS) | Military College of Signals (MCS) | General Stacks | 12/12/2016 | 621.3,DEF | MCS5813 | 12/08/2016 | 12/12/2016 | Book | Almirah No.28, Shelf No.1 |
